Quel youtubeur a fait cette video ? - Statistiques

Statistiques générales
  • Ce quiz a été pris 307 fois
    209 depuis la dernière actualisation
  • Le résultat moyen est 12 sur 20
Statistiques - réponses
Vidéo Chaîne YouTube % Correct
Qui est l'imposteur ? Squeezie
98%
Vlogs d'aout Lena Situations
93%
100 couches de polystyrène challenge Amixem
87%
Les pubs vs La vie Cyprien
86%
Interrogatoire sous détecteur de mensonges Mastu
83%
On appelle des gens au hasard Mcfly & Carlito
80%
Jure c'est à toi ? Maghla
75%
Le pire stagiaire Greg Guillotin
72%
Actus du jour HugoDécrypte
72%
Ce mec ... SEB
71%
Masterkill Gotaga
57%
On prend un dos d'âne à 170km/h Vilebrequin
55%
Hot Ones Studio Bagel (Kyan Khojandi)
53%
What the cut MrAntoineDaniel
41%
Gérald (Le type qui prenait tout au premier degré) Léopold
37%
Cigare à 0.50€ VS 500€ Morgan VS
35%
Le QG Le Jimmy Labeeu(Guillaume Pley)
34%
Rester enfermé dans ... IbraTV
33%
La notice Le Woop
27%
Les pires jeux de mots de magasins Pierre Croce /Benjamin Verrecchia
14%
Aucun quiz correspondant
Distribution des résultats
% des personnes avec chaque résultat
Percentile par nombre de réponses
Votre historique - résultats
Vous n’avez pas pris ce quiz depuis la dernière actualisation